000 02644nkc a2200313za 4500
001 84433
003 OSt
005 20260420150930.0
007 kh bo
008 250408s1895 sp ||||| |||| 00| i|spa d
040 _cM-RABA
_aM-RABA
_bspa
245 0 1 _a[Excavaciones arqueológicas en Kenézló
_b: hallazgo de restos humanos]
_h[Material gráfico]
260 _c[ca. 1895]
300 _a6 fotografías
_b: gelatina
_c; 18 x 16 cm (medidas mínimas)
_c; 11 x 17 cm (medidas máximas)
500 _aConjunto de seis fotografías que representan excavaciones arqueológicas en Kenézló, Hungría.
500 _aLas fotografías presentan restos al verso de pegamento, parecen haber sido despegadas de un soporte secundario. Muchas de ellas presentan roturas.
500 _aAcompaña una nota con anotaciones mecanografiadas: “L’âge de la migration des euples. 1. Une sépulture de la cimetière de Cikó. Fouilles exécutées par M. Wossinszky en 1895”. 2.-6. Procédé des foulles des cimetières. Sépultures du temps de la conquète hogroise / IX. Ème siècle/ mis au jour par N. Fettich à Kenézló".
500 _aAcompaña una nota con anotaciones mecanografiadas (traducción): La edad de la migración de los euples. 1. Un enterramiento del cementerio de Cikó. Excavaciones realizadas por M. Wossinszky en 1895". 2.-6. Método de excavación del cementerio. Enterramientos de la época de la conquista de Hogroise / siglo IX. siglo/ excavados por N. Fettich en Kenézló
651 7 _aHungría
_2embne
_975079
655 7 _aFotografías.
_954128
852 _jFot-568 ; Fot-569 ; Fot-570 ; Fot-571 ; Fot-572 ; Fot-573
856 _3Fot-568
_uhttps://archivoybiblioteca.realacademiabellasartessanfernando.com/cgi-bin/koha/opac-retrieve-file.pl?id=eb50e1859cd1ccf859f738a48d4a9f33
856 _3Fot-569
_uhttps://archivoybiblioteca.realacademiabellasartessanfernando.com/cgi-bin/koha/opac-retrieve-file.pl?id=a6b7b4c44f466691a26e0720baa53276
856 _3Fot-570
_uhttps://archivoybiblioteca.realacademiabellasartessanfernando.com/cgi-bin/koha/opac-retrieve-file.pl?id=2ef92ba4f02c192e8fe4e2b6149669f2
856 _3Fot-571
_uhttps://archivoybiblioteca.realacademiabellasartessanfernando.com/cgi-bin/koha/opac-retrieve-file.pl?id=c9ad138946a4b27b3f72a59e6ec28394
856 _3Fot-572
_uhttps://archivoybiblioteca.realacademiabellasartessanfernando.com/cgi-bin/koha/opac-retrieve-file.pl?id=6312e64a877f0aa2cd7b644388dda6e1
856 _3Fot-573
_uhttps://archivoybiblioteca.realacademiabellasartessanfernando.com/cgi-bin/koha/opac-retrieve-file.pl?id=ba4739a731f8edb029c01102ba1c3bdb
942 _2ddc
_cFOTOGRAFÍA
_n0
999 _c84433
_d84433